[Event "TCh-Central Serbia 2011"]
[Site "Kraljevo SRB"]
[Date "2011.09.17"]
[Round "1"]
[White "Arsovic,G"]
[Black "Ratkovic,Miloj"]
[Result "1/2-1/2"]
[WhiteElo "2409"]
[BlackElo "2135"]

1.Nf3 d5 2.g3 Nf6 3.Bg2 Bf5 4.O-O Nc6 5.c4 d4 6.Qa4 Bd7 7.b4 a6 8.Qb3 e5
9.d3 Bd6 10.Nbd2 O-O 11.a3 Re8 12.Qc2 Bf5 13.Ng5 Bf8 14.b5 Na5 15.Rb1 axb5
16.Rxb5 h6 17.Ngf3 Bd6 18.c5 Bf8 19.c6 bxc6 20.Rxe5 Be6 21.Ne4 Bd6 22.Nxf6+ Qxf6
23.Re4 c5 24.e3 Nb3 25.Nd2 Nxd2 26.Qxd2 Red8 27.Rxe6 Qxe6 28.Bxa8 Rxa8 29.Bb2 Qb3
30.exd4 cxd4 31.Bxd4 Rxa3 32.Rd1 Ra2 33.Qe1 Qa4 34.Ra1 Rxa1 35.Qxa1 Qxa1+
36.Bxa1 f6 37.Kf1 Kf7 38.Ke2 Ke6 39.h3 Kd5 40.Bc3 Bc5 41.g4 Bd4 42.Bb4 g6  1/2-1/2

[Event "2nd Livigno Open A"]
[Site "Livigno ITA"]
[Date "2011.09.17"]
[Round "8.13"]
[White "Rotstein,A"]
[Black "Suvrajit,S"]
[Result "1-0"]
[WhiteElo "2515"]
[BlackElo "2384"]

1.Nf3 d5 2.g3 c6 3.Bg2 Nf6 4.O-O Bg4 5.d4 e6 6.Nbd2 Nbd7 7.Re1 Be7 8.e4 dxe4
9.Nxe4 Nxe4 10.Rxe4 Bf5 11.Re1 O-O 12.c3 Qb6 13.Nd2 Rfd8 14.Nc4 Qa6 15.Bf1 b5
16.Ne3 Bg6 17.a4 Rab8 18.Bd2 Qb7 19.axb5 cxb5 20.Bg2 Qc7 21.Nd5 exd5 22.Rxe7 Qd6
23.Qe2 Ra8 24.Bf4 Qc6 25.Rxa7 Bf5 26.Rxa8 Rxa8 27.Re8+ Nf8 28.Rxa8 Qxa8 29.h3 Bd7
30.Qe7 Bc6 31.Qd6 Nd7 32.Kh2 h6 33.b3 Qb7 34.g4 Kh7 35.Bf1 Kg8 36.Bd3 Qa8
37.h4 Nf6 38.f3 Qa2+ 39.Kg3 Qa1 40.Kf2 Qxc3 41.Ke2 Ne4 42.fxe4 dxe4 43.Bb1 Qb2+
44.Bd2 Qxb1 45.Qxc6 Qd3+ 46.Kd1 Qxb3+ 47.Qc2 Qf3+ 48.Kc1 Qxg4 49.Kb2 Qxh4
50.d5 Qf2 51.Kb3 e3 52.Bb4 e2 53.Qe4 Qg3+ 54.Kc2 Qf2 55.Kd3 Qf1 56.Qe8+ Kh7
57.Qxe2 Qb1+ 58.Kc3 Qa1+ 59.Qb2 Qe1+ 60.Kb3 Qf1 61.Qc2+ f5 62.d6 Qf3+ 63.Kb2 Qf4
64.Qd2 Qe5+ 65.Bc3 Qe8 66.d7 Qd8  1-0

[Event "4th Mumbai Mayors Cup"]
[Site "Mumbai IND"]
[Date "2011.09.17"]
[Round "3"]
[White "Deshpande,Ani"]
[Black "Anwesh,U"]
[Result "0-1"]
[WhiteElo "2255"]
[BlackElo "2408"]

1.Nf3 d5 2.g3 g6 3.Bg2 Bg7 4.O-O c5 5.d3 Nc6 6.Nbd2 e6 7.e4 Nge7 8.Re1 b6
9.Nf1 Bb7 10.e5 Qc7 11.Bf4 h6 12.h4 O-O-O 13.c3 d4 14.c4 Rdg8 15.N1h2 g5
16.hxg5 hxg5 17.Bxg5 Ng6 18.Ng4 Ncxe5 19.Ngxe5 Nxe5 20.Qe2 Qc6 21.Nh4 Qxg2+
22.Nxg2 Nf3+ 23.Qxf3 Bxf3 24.Nh4 Bb7 25.Kf1 Rh5 26.Bd2 e5 27.Ke2 f5 28.b4 Bf8
29.bxc5 Bxc5 30.Rg1 e4 31.Bf4 Rg4  0-1

[Event "TCh-NED Meesterklasse 2011-12"]
[Site "Netherlands NED"]
[Date "2011.09.17"]
[Round "1.7"]
[White "Tereick,B"]
[Black "Kuijf,R"]
[Result "1/2-1/2"]
[WhiteElo "2386"]
[BlackElo "2423"]

1.Nf3 d5 2.g3 Bf5 3.c4 c6 4.Qb3 Qc8 5.cxd5 cxd5 6.Nc3 e6 7.d3 Nc6 8.Bg2 Nf6
9.O-O Be7 10.Bf4 O-O 11.Rac1 Qd7 12.e4 Bg6 13.exd5 exd5 14.Ne5 Nxe5 15.Bxe5 Bxd3
16.Bxf6 Bc4 17.Bxe7 Bxb3 18.Bxf8 Bc4 19.Ba3 Bxf1 20.Rxf1 d4 21.Rd1 Re8 22.Bc5 b6
23.Bxd4 Qf5  1/2-1/2

[Event "e2e4 Sunningdale Autumn"]
[Site "Sunningdale ENG"]
[Date "2011.09.17"]
[Round "2"]
[White "Collier,D"]
[Black "Wadsworth,Matthew J"]
[Result "1/2-1/2"]
[WhiteElo "2100"]
[BlackElo "1984"]

1.Nf3 d5 2.g3 c5 3.Bg2 Nc6 4.O-O e5 5.d3 Nf6 6.Nbd2 Be7 7.e4 O-O 8.c3 Be6
9.Qe2 d4 10.c4 a6 11.Ng5 Bd7 12.Bh3 h6 13.Bxd7 Qxd7 14.Ngf3 Ne8 15.Ne1 b5
16.f4 f6 17.f5 Nd6 18.b3 Rfb8 19.Qg4 Qe8 20.Ndf3 Kh7 21.Nh4 Bd8 22.Ng6 Ne7
23.Nxe7 Bxe7 24.Qe2 a5 25.Ba3 Nc8 26.Nf3 a4 27.Rfb1 Ra6 28.Qc2 Rba8 29.Bb2 Nd6
30.g4 Qc6 31.Nd2 Bd8 32.cxb5 Nxb5 33.Nc4 a3 34.Bc1 Nc3 35.Bd2 Nxb1 36.Rxb1 Be7
37.Kf2 Rg8 38.Rf1 Raa8 39.Bc1 Ra7 40.Ke1 Rb8 41.h4 Qe8 42.Qd1 Bd8 43.Rg1 Ba5+
44.Nxa5 Rxa5 45.g5 fxg5 46.hxg5 Qe7 47.f6 gxf6 48.g6+ Kg7 49.Qd2 Re8 50.Qxh6+ Kg8
51.g7 Qe6 52.Bg5 Kf7 53.Rf1 Ra6 54.Rxf6+ Qxf6 55.Bxf6 Rxf6 56.Qh5+ Kxg7 57.Qxe5 Rh8
58.Qg5+ Kf7 59.Qd5+ Re6 60.Qf5+ Rf6 61.Qd5+ Re6 62.Qf5+ Rf6  1/2-1/2

[Event "ch-Vienna State"]
[Site "Vienna AUT"]
[Date "2011.09.17"]
[Round "8"]
[White "Stanec,N"]
[Black "Ernst,M"]
[Result "1-0"]
[WhiteElo "2543"]
[BlackElo "2177"]

1.g3 d5 2.Nf3 Nf6 3.Bg2 e6 4.O-O Be7 5.b3 O-O 6.c4 b6 7.Bb2 Bb7 8.d3 c5 9.e3 Nc6
10.Qe2 dxc4 11.bxc4 Qc7 12.Nc3 Rad8 13.Rad1 Rc8 14.Ne1 Nb4 15.Bxb7 Qxb7 16.f4 Rfd8
17.g4 Ne8 18.a3 Nc6 19.Nf3 a6 20.a4 f6 21.Rf2 Nc7 22.g5 b5 23.axb5 axb5 24.cxb5 Nxb5
25.Ne4 f5 26.Nf6+ gxf6 27.gxf6 c4 28.Rg2+ Kf8 29.Rg8+ Kf7 30.Ng5+ Kxg8 31.f7+ Kf8
32.Nxh7+  1-0

[Event "TCh-Central Serbia 2011"]
[Site "Kraljevo SRB"]
[Date "2011.09.18"]
[Round "2"]
[White "Martinovic,Sl"]
[Black "Organdziev,O"]
[Result "1/2-1/2"]
[WhiteElo "2436"]
[BlackElo "2300"]

1.Nf3 d5 2.g3 c6 3.Bg2 Bg4 4.d4 Bxf3 5.Bxf3 e6 6.e4 dxe4 7.Bxe4 Nf6 8.Bg2 Be7
9.O-O O-O 10.c3 a5 11.a4 Nbd7 12.Re1 Re8 13.Nd2 Bd6 14.Nc4 Bc7 15.Qb3 Rb8
16.Bd2 Nd5 17.Rad1 b5 18.Ne3 N7b6 19.axb5 a4 20.Qc2 cxb5 21.Qd3 Qd7 22.h4 Nxe3
23.Bxe3 Nd5 24.Bd2 Qc6 25.Ra1 Rec8 26.Rec1 Bd6 27.Bf1 Qd7 28.Qf3 Nb6 29.Rc2 Nc4
30.Be1 Be7 31.Bd3 Bf6 32.Qh5 h6 33.Rd1 Rd8 34.Re2 Qd6 35.Kg2 Bg5 36.Qg4 Bf6
37.f4 a3 38.bxa3 Qxa3 39.Qf3 Nb2 40.Rdd2 Nxd3 41.Rxd3 Qa8 42.Qxa8 Rxa8 43.Rb2 Ra1
44.Bf2 Rd5 45.g4 Be7 46.Re3 Bd6 47.Kf3  1/2-1/2

[Event "e2e4 Sunningdale Autumn"]
[Site "Sunningdale ENG"]
[Date "2011.09.18"]
[Round "4"]
[White "Holland,J"]
[Black "Piper,Stephen J"]
[Result "1-0"]
[WhiteElo "2204"]
[BlackElo "2045"]

1.g3 d5 2.Nf3 Nf6 3.Bg2 e6 4.O-O Be7 5.c4 O-O 6.d4 b6 7.Qa4 Bb7 8.Ne5 Nfd7
9.Rd1 f6 10.Nd3 Re8 11.Nc3 c6 12.e4 dxe4 13.Nxe4 Na6 14.Nf4 Bf8 15.Be3 Qc8
16.Bh3 f5 17.Ng5 Nf6 18.Ngxe6 Rxe6 19.Bxf5 Nc7 20.d5 cxd5 21.cxd5 Nfxd5 22.Bxe6+ Nxe6
23.Nxd5 Nc5 24.Qc4  1-0

[Event "ch-Euro Youth g18"]
[Site "Albena BUL"]
[Date "2011.09.19"]
[Round "8.14"]
[White "Tsekova,V"]
[Black "Stetsko,L"]
[Result "0-1"]
[WhiteElo "1848"]
[BlackElo "2137"]

1.Nf3 d5 2.g3 Nf6 3.Bg2 c6 4.O-O Bf5 5.Nh4 Bg4 6.d4 e6 7.Nc3 c5 8.dxc5 Bxc5
9.Na4 Be7 10.c4 Nc6 11.Nc3 d4 12.Nb5 Bc5 13.h3 Bh5 14.g4 Bg6 15.Nxg6 hxg6
16.b3 a6 17.Ba3 Bxa3 18.Nxa3 Qd6 19.Nc2 Nxg4 20.f4 Nf6 21.Bxc6+ Qxc6 22.Rf3 Rd8
23.Nxd4 Qe4 24.e3 g5 25.Kf2 g4 26.Rg3 Rxh3 27.Qg1 Rxg3  0-1

[Event "ch-Euro Youth b16"]
[Site "Albena BUL"]
[Date "2011.09.19"]
[Round "8.4"]
[White "Grigoryan,K2"]
[Black "Pardo Simon,D"]
[Result "1/2-1/2"]
[WhiteElo "2473"]
[BlackElo "2422"]

1.g3 d5 2.Nf3 Nf6 3.Bg2 c6 4.O-O Bg4 5.d4 Nbd7 6.Nbd2 g6 7.Ne5 Be6 8.Nd3 Bg7
9.c4 Bf5 10.Nf4 Nb6 11.c5 Nbd7 12.Nf3 Be4 13.Bh3 Bxf3 14.exf3 O-O 15.Nd3 Ne8
16.Be3 Nc7 17.f4 a5 18.Ne5 f5 19.Qb3 Rb8 20.Rfc1 Ne6 21.Qa4 Nxe5 22.fxe5 g5
23.f3 h5 24.Rf1 g4 25.fxg4 hxg4 26.Bg2 Qe8 27.Qxa5 Qh5 28.Qd2 Kh7 29.Rf2 Bh6
30.Raf1 Bxe3 31.Qxe3 Kg6 32.Qd3 Rf7 33.h3 gxh3 34.Bf3 Qg5 35.Kh2 Kh6 36.Bd1 Rbf8
37.Bc2 Qg4 38.Qd2+ Kg7 39.Bd1 Qg6 40.Rg1 Ng5 41.Rf4 e6 42.Rh4 Rh8 43.Qf4 Rh6
44.a4 Kh7 45.b4 Ne4 46.b5 cxb5 47.axb5 Nc3 48.b6 Rxh4 49.Qxh4+ Qh6 50.Qxh3 Nb5
51.Qxh6+ Kxh6 52.Ba4 Nxd4 53.Rd1 Nf3+ 54.Kg2 Nxe5 55.Re1 Nd7 56.Rxe6+ Kg5
57.Bxd7 Rxd7 58.Re8 d4 59.Kf2 f4 60.Rg8+ Kf5 61.Rf8+ Ke5 62.gxf4+ Kd5 63.Rc8 Rf7
64.Ke2 Kc4 65.Rc7 Rf8 66.Rxb7 Kxc5 67.Rd7 Kxb6 68.Rxd4 Kc5 69.Ke3 Re8+ 70.Re4 Rf8
71.Re6 Kd5 72.Ra6 Re8+ 73.Kf3 Rg8 74.Rf6 Rg7 75.Rh6 Rg8 76.Ke3 Rg3+ 77.Kf2 Rg8
78.Kf3 Rg7 79.Ra6 Rg8 80.Ra7 Ke6 81.Ke4 Rb8 82.Ra6+ Kf7 83.Kf5 Rb5+ 84.Kg4 Rc5
85.f5 Rc1 86.Ra7+ Kf6 87.Ra6+ Kf7 88.f6 Rg1+ 89.Kf5 Rf1+ 90.Ke4 Rxf6 91.Rxf6+ Kxf6  1/2-1/2

[Event "TCh-Central Serbia 2011"]
[Site "Kraljevo SRB"]
[Date "2011.09.19"]
[Round "4"]
[White "Arsovic,Z"]
[Black "Raicevic,M"]
[Result "0-1"]
[WhiteElo "2444"]
[BlackElo "2379"]

1.Nf3 d5 2.g3 g6 3.c4 dxc4 4.Qa4+ Nd7 5.Bg2 Bg7 6.Qxc4 Ngf6 7.O-O O-O 8.d3 Nb6
9.Qh4 Nfd5 10.d4 Nb4 11.Na3 c6 12.Rd1 a5 13.e4 h5 14.h3 f6 15.b3 Be6 16.Be3 Bf7
17.g4 g5 18.Nxg5 fxg5 19.Bxg5 hxg4 20.Bxe7 Qd7 21.Bc5 Be6 22.hxg4 Bxg4 23.Bxb6 Bxd1
24.Rxd1 Rf6 25.f4 Rh6 26.Qg5 Qf7 27.f5 Kh7 28.Bd8 Qd7 29.Bb6 Qd6 30.Kf2 Rg8
31.Qe3 Rh2 32.Rg1 Bh6 33.Qf3  0-1

[Event "TCh-Central Serbia 2011"]
[Site "Kraljevo SRB"]
[Date "2011.09.19"]
[Round "4"]
[White "Martinovic,Sl"]
[Black "Vencl,R"]
[Result "1-0"]
[WhiteElo "2436"]
[BlackElo "2315"]

1.Nf3 d5 2.g3 c6 3.Bg2 Nf6 4.O-O Bg4 5.d4 e6 6.Nbd2 Nbd7 7.Re1 Be7 8.e4 dxe4
9.Nxe4 Nxe4 10.Rxe4 Nf6 11.Re1 O-O 12.c3 Qb6 13.Qb3 Qxb3 14.axb3 Bxf3 15.Bxf3 a6
16.b4 Rad8 17.Bg2 Rd7 18.f4 g6 19.Bf3 h5 20.Kg2 Kg7 21.Bd1 Bd6 22.Kf3 Rh8
23.h3 Rdd8 24.Bd2 Bc7 25.Bc2 Bb6 26.Rh1 Nd7 27.Rae1 Rhe8 28.Re2 Rh8 29.Bc1 Nf6
30.Reh2 Nd5 31.Re2 Rhe8 32.Bd2 Nf6 33.Ree1 Nd7 34.Be3 Nf6 35.Bb3 Nd5 36.Bc1 Kf8
37.g4 hxg4+ 38.hxg4 Kg7 39.f5 exf5 40.Bh6+ Kg8 41.gxf5 Rxe1 42.Rxe1 gxf5
43.Bxd5 Rxd5 44.Re7 Kh7 45.Bf4 Bxd4 46.cxd4 Rxd4 47.Rxf7+ Kg6 48.Rxb7 Rd3+
49.Ke2 Rb3 50.Be5 f4  1-0

[Event "4th Mumbai Mayors Cup"]
[Site "Mumbai IND"]
[Date "2011.09.19"]
[Round "5"]
[White "Gokhale,C"]
[Black "Deepan,C"]
[Result "1/2-1/2"]
[WhiteElo "2233"]
[BlackElo "2470"]

1.Nf3 d5 2.g3 Nf6 3.Bg2 Bf5 4.d3 h6 5.O-O e6 6.Nbd2 Be7 7.Qe1 O-O 8.e4 Bh7
9.Qe2 c5 10.Ne5 Nbd7 11.Nxd7 Qxd7 12.Re1 Rac8 13.Nf3 dxe4 14.dxe4 Rfd8 15.Ne5 Qc7
16.Ng4 Nxg4 17.Qxg4 Bg6 18.Bf4 Bd6 19.Rad1 Bxf4 20.Qxf4 Qa5 21.a3 Rxd1 22.Rxd1 Rd8
23.Qc1 Kh7 24.Bf3 Rxd1+ 25.Qxd1 Qb5 26.h4 f6 27.h5 Bf7 28.Qd6 Qxb2 29.Qxc5 Qe5  1/2-1/2

[Event "31st Munich OIS A"]
[Site "Munich GER"]
[Date "2011.09.19"]
[Round "3.2"]
[White "Belezky,A"]
[Black "Pierecker,M"]
[Result "1/2-1/2"]
[WhiteElo "2430"]
[BlackElo "2218"]

1.Nf3 d5 2.g3 Nf6 3.Bg2 Bg4 4.b3 Nbd7 5.Bb2 e6 6.c4 c6 7.O-O Bd6 8.d4 Qc7
9.Nbd2 O-O 10.Re1 Rfe8 11.e4 Bb4 12.exd5 exd5 13.Rxe8+ Rxe8 14.a3 Bf8 15.Qc2 Bd6
16.c5 Bf8 17.b4 g6 18.Ne5 Nxe5 19.dxe5 Nd7 20.f4 Bg7 21.h3 Bf5 22.Qa4 f6
23.exf6 Nxf6 24.Nf1 Re2 25.Be5 Be4 26.Bxe4 Nxe4 27.Bxc7 Bd4+ 28.Kh1 Nf2+
29.Kg2 Ne4+ 30.Kh1 Nf2+ 31.Kg2 Ne4+  1/2-1/2

[Event "11th Josipa Ipavca Mem"]
[Site "Sentjur SLO"]
[Date "2011.09.19"]
[Round "7"]
[White "Drasko,M"]
[Black "Pirs,M2"]
[Result "1-0"]
[WhiteElo "2478"]
[BlackElo "2044"]

1.Nf3 d5 2.g3 e6 3.Bg2 f5 4.O-O Nf6 5.d3 Bd6 6.Nc3 e5 7.e4 fxe4 8.dxe4 d4
9.Nb5 O-O 10.c3 dxc3 11.Nxc3 c6 12.Be3 Qe7 13.h3 Be6 14.Ng5 Bc4 15.Re1 h6
16.b3 Ba6 17.Nf3 Bb4 18.Qc2 Nbd7 19.Nh4 Rfd8 20.Nf5 Qf8 21.Red1 Nc5 22.a3 Bxc3
23.Qxc3 Nfxe4 24.Qxe5 Re8 25.Qf4 Nc3 26.Nxh6+ gxh6 27.Qxf8+ Rxf8 28.Bxc5 Rf5
29.Be3 Nxd1 30.Rxd1 Rf6 31.Rd7 Re8 32.g4 Ref8 33.Bxa7 R8f7 34.Rd2 Re6 35.Be3 Kh7
36.Rd4 Rfe7 37.a4 Be2 38.Rd2 Ba6 39.Kh2 Re5 40.Bf3 Bf1 41.Kg3 Ba6 42.h4 R5e6
43.Bd1 Kg7 44.Bc5 Rf7 45.Rd8 Rc7 46.Bc2 Kf7 47.h5 Rf6 48.Bd6 Rxd6 49.Rxd6  1-0

[Event "4th Mumbai Mayors Cup"]
[Site "Mumbai IND"]
[Date "2011.09.20"]
[Round "7"]
[White "Shivananda,B"]
[Black "Kotanjian,T"]
[Result "1/2-1/2"]
[WhiteElo "2381"]
[BlackElo "2546"]

1.g3 d5 2.Nf3 Bg4 3.Bg2 Nd7 4.d4 e6 5.O-O Ngf6 6.Nbd2 Be7 7.Re1 O-O 8.e4 c5
9.exd5 Nxd5 10.h3 Bh5 11.Ne4 Rc8 12.c4 N5f6 13.Nxf6+ Bxf6 14.g4 Bg6 15.d5 Nb6
16.g5 Bd4 17.Nxd4 cxd4 18.dxe6 fxe6 19.b3 Qd7 20.Qg4 Bf5 21.Qg3 Na8 22.Ba3 Rfd8
23.Rad1 b5 24.c5 d3 25.Qe5 Qf7 26.Rd2 Nc7 27.Bb7 Rb8 28.Be4 Bxe4 29.Qxe4 Rd5
30.Rxd3 Rf8 31.f4 Rxd3 32.Qxd3 Qxf4 33.Qe3 Qxe3+ 34.Rxe3 Rf5 35.h4 a5 36.c6 Rd5
37.Kf2 b4 38.Bb2 Rc5 39.h5 Rxc6 40.h6 Nd5 41.Re2 gxh6 42.gxh6 Kf7 43.Kf3 Ne7
44.Bg7 Rc5 45.Rd2 Nf5 46.Ke4 Rc7 47.Be5 Rc1 48.Rd7+ Kg6 49.Ra7 Re1+ 50.Kf4 Rf1+
51.Ke4 Kxh6 52.Ra6 Kg5 53.Rxe6 Rf2 54.Ra6 Rxa2 55.Bc7 Re2+ 56.Kd5 Rd2+ 57.Ke5 h5
58.Bxa5 h4 59.Bxb4 Re2+ 60.Kd5 h3 61.Ra1 h2 62.Bc5 Ng3 63.b4 Rb2 64.Kc6 Rc2
65.Kd5 Rb2 66.Kc6 Rc2 67.Kd5 Ra2 68.Re1 Re2 69.Ra1 h1=Q+ 70.Rxh1 Nxh1 71.b5 Ng3
72.b6 Rb2 73.Kc6 Ne4 74.Be3+ Kf5 75.b7 Ke6 76.Bf4 Rc2+ 77.Kb5 Rb2+ 78.Kc6 Rxb7
79.Kxb7  1/2-1/2

[Event "TCh-Central Serbia 2011"]
[Site "Kraljevo SRB"]
[Date "2011.09.21"]
[Round "6"]
[White "Milenkovic,Ml"]
[Black "Ivanovic,Dragu"]
[Result "0-1"]
[WhiteElo "2396"]
[BlackElo "2352"]

1.Nf3 d5 2.g3 c5 3.Bg2 Nc6 4.O-O e5 5.c4 d4 6.d3 f6 7.e3 Be6 8.exd4 cxd4
9.Nbd2 Nh6 10.a3 a5 11.Qa4 Ra6 12.Ne4 Nf7 13.c5 Be7 14.Qb5 Qd7 15.Bd2 O-O
16.Rfc1 a4 17.Bb4 Qc7 18.Nd6 Rb8 19.Nxf7 Na7 20.Qb6 Rxb6 21.cxb6 Qxb6 22.Bxe7 Kxf7
23.Bc5 Qa6 24.Bxa7 Qxa7 25.Rc7+ Kg8 26.Rac1 Qb6 27.Re7 Kf8 28.Rcc7 Rc8 29.Rxb7 Rc1+
30.Bf1 Qc6 31.Kg2 Bd5  0-1

[Event "TCh-Central Serbia 2011"]
[Site "Kraljevo SRB"]
[Date "2011.09.22"]
[Round "8.5"]
[White "Arsovic,Z"]
[Black "Ivanovic,Dragu"]
[Result "1-0"]
[WhiteElo "2444"]
[BlackElo "2352"]

1.Nf3 d5 2.g3 Nf6 3.Bg2 e6 4.c4 Be7 5.O-O O-O 6.d4 c6 7.Qc2 Ne4 8.b3 Re8
9.Bb2 Nd7 10.Ne1 b5 11.c5 e5 12.dxe5 Ndxc5 13.Nd3 Bd7 14.f3 Nxd3 15.exd3 Ng5
16.f4 Nh3+ 17.Kh1 Qc8 18.Nc3 Bg4 19.Nd1 Qe6 20.Ne3 h5 21.d4 f5 22.Rac1 Rac8
23.Qd3 Qf7 24.Rc2 g5 25.Nxg4 hxg4 26.Bxh3 gxh3 27.fxg5 Rf8 28.Rcf2 Qe6 29.Rxf5 Rxf5
30.Rxf5 c5 31.dxc5 Rxc5 32.Kg1 d4 33.Qe4 Rd5 34.Qd3 Qc6 35.Rf6 Bxf6 36.Qg6+ Kh8
37.Qh6+ Kg8 38.Qg6+ Kh8 39.gxf6 Rd7 40.Qh6+  1-0

[Event "24th Moratalaz Open"]
[Site "Madrid ESP"]
[Date "2011.09.22"]
[Round "8.7"]
[White "Hernando Pertierra,J"]
[Black "Alvarez Abejon,A"]
[Result "0-1"]
[WhiteElo "2383"]
[BlackElo "2038"]

1.Nf3 d5 2.g3 Nc6 3.c4 Nf6 4.cxd5 Nxd5 5.Nc3 e5 6.Bg2 Nb6 7.O-O Be7 8.d3 O-O
9.Bd2 Re8 10.Rc1 Bf8 11.Ne4 Nd4 12.Nxd4 exd4 13.Re1 Be6 14.Ng5 Bd5 15.Bxd5 Nxd5
16.Qb3 b6 17.Rc6 Bc5 18.Qc4 Qd7 19.Rxc5 bxc5 20.Qxc5 Nb6 21.Nf3 Rad8 22.Bf4 c6
23.Be5 Na4 24.Qxd4 Qxd4 25.Bxd4 c5 26.Be3 Nxb2 27.Bxc5 Rd5 28.Bd4 Nxd3 29.Rb1 Nc5
30.Rb5 Rc8 31.e4 Rxd4 32.Nxd4 Nxe4 33.Nc6 Nd6 34.Rc5 Kf8 35.Kg2 Nb7 36.Rc4 Nd8
37.Ne5 Rxc4 38.Nxc4 Nc6 39.Kf3 Ke7 40.Ke4 Ke6 41.g4 f6 42.f4 g6 43.f5+ gxf5+
44.gxf5+ Kd7 45.a3 Ne7 46.h4 Kc6 47.h5 Kc5 48.Ne5 Kd6 49.Ng4 Nd5 50.h6 a5
51.Kd4 Ne7 52.Ke4 Nd5 53.Kd4 Ne7 54.Ne3 Kc6 55.Ke4 Ng8 56.Ng4 Kc5 57.a4 Kc4
58.Ne3+ Kb4 59.Ng4 Kxa4 60.Kd5 Kb3 61.Ke6 a4 62.Kf7 Nxh6+ 63.Nxh6 a3 64.Ng4 a2
65.Nxf6 h6 66.Kg6 a1=Q 67.Nh5 Qe5 68.Ng7 Qg3+ 69.Kxh6 Qh3+ 70.Kg6 Qg4+ 71.Kh6 Qf4+
72.Kg6 Kc4 73.f6 Qg4+ 74.Kh7 Qc8 75.f7 Qf8 76.Kg6 Kd5 77.Ne8 Ke6 78.Ng7+ Ke5
79.Ne8 Ke6 80.Ng7+ Kd7 81.Nf5 Qh8 82.Nd4 Ke7 83.Nc6+ Kf8 84.Nd8 Qg7+ 85.Kf5 Ke7  0-1

[Event "4th Mumbai Mayors Cup"]
[Site "Mumbai IND"]
[Date "2011.09.23"]
[Round "10"]
[White "Rahman,Zia"]
[Black "Sangma,R"]
[Result "1-0"]
[WhiteElo "2528"]
[BlackElo "2385"]

1.Nf3 d5 2.g3 Nf6 3.Bg2 g6 4.c4 c6 5.b3 Bg7 6.Bb2 O-O 7.O-O a5 8.Nc3 Bg4
9.d4 Nbd7 10.h3 Bf5 11.g4 Be4 12.g5 Nh5 13.Nxe4 dxe4 14.Nd2 f5 15.gxf6 exf6
16.Nxe4 f5 17.Ng3 Nf4 18.e3 Nxg2 19.Kxg2 f4 20.exf4 Rxf4 21.Qe2 Nf8 22.Rad1 Bxd4
23.Rxd4 Rxd4 24.Qe5 c5 25.Rd1 Qd7 26.Bxd4 Qc6+ 27.Ne4 cxd4 28.Rxd4 Qe6 29.Qxe6+ Nxe6
30.Rd7 b5 31.Nf6+ Kf8 32.Nxh7+ Ke8 33.Nf6+ Kf8 34.cxb5 a4 35.b6 axb3 36.axb3 Ra3  1-0

[Event "31st Munich OIS A"]
[Site "Munich GER"]
[Date "2011.09.23"]
[Round "7.2"]
[White "Belezky,A"]
[Black "Jussupow,E"]
[Result "1/2-1/2"]
[WhiteElo "2430"]
[BlackElo "2162"]

1.Nf3 d5 2.g3 Nf6 3.Bg2 Bf5 4.d3 e6 5.O-O Be7 6.b3 h6 7.Bb2 O-O 8.Nfd2 Bh7
9.e4 c5 10.Nc3 Nc6 11.h3 Rb8 12.Re1 b5 13.exd5 exd5 14.a4 a6 15.axb5 axb5
16.Nf1 Qd7 17.Ne2 Nb4 18.Qd2 d4 19.Ba3 Nfd5 20.h4 Bd6 21.Bxb4  1/2-1/2

[Event "TCh-Central Serbia 2011"]
[Site "Kraljevo SRB"]
[Date "2011.09.24"]
[Round "10.4"]
[White "Milanovic,Sla"]
[Black "Markovic,ZS"]
[Result "1/2-1/2"]
[WhiteElo "2411"]
[BlackElo "2364"]

1.Nf3 d5 2.g3 Nf6 3.Bg2 c6 4.O-O Bg4 5.b3 Nbd7 6.Bb2 e6 7.c4 Be7 8.d3 O-O
9.Nbd2 a5 10.a3 Re8  1/2-1/2

[Event "4th Mumbai Mayors Cup"]
[Site "Mumbai IND"]
[Date "2011.09.24"]
[Round "11"]
[White "Gomes,Mary"]
[Black "Anwesh,U"]
[Result "1/2-1/2"]
[WhiteElo "2325"]
[BlackElo "2408"]

1.Nf3 d5 2.g3 g6 3.Bg2 Bg7 4.O-O c5 5.c4 d4 6.d3 Nc6 7.Na3 e5 8.e3 Nge7 9.exd4 exd4
10.Bf4 a6 11.Nc2 O-O 12.Rb1 b5 13.b3 Bf5 14.Ng5 Rc8 15.Re1 h6 16.Ne4 Ne5
17.Qd2 Kh7 18.Nf6+ Bxf6 19.Bxe5 Nc6 20.Bxf6 Qxf6 21.f4 b4 22.h3 Bd7 23.Re2 Ne7
24.g4 a5 25.Ne1 Nc6 26.Nf3 Rfe8 27.Rbe1 Rxe2 28.Rxe2 Re8 29.Rxe8 Bxe8 30.g5 Qe7
31.gxh6 f6 32.Kf2 Nd8 33.f5 g5 34.h4 Nf7 35.hxg5 Nxg5 36.Qf4 Nxf3 37.Bxf3 Qe5
38.Qxe5 fxe5 39.Bb7 Bh5 40.Bf3 Be8 41.Bb7 Bh5 42.Bf3 Kxh6 43.Bxh5 Kxh5 44.Kf3 Kg5
45.Ke4 Kf6 46.Kd5 Kxf5 47.Kxc5 Kf4 48.Kb6 e4 49.c5 exd3 50.c6 d2 51.c7 d1=Q
52.c8=Q d3 53.Kxa5 Qc2 54.Qf8+ Ke3 55.Qh6+ Kd4 56.Qd6+ Ke3 57.Qg3+ Ke4 58.Qg4+ Ke3
59.Qg3+ Ke4 60.Qg4+  1/2-1/2

[Event "34th OFSz Mayor's Cup"]
[Site "Zabrze POL"]
[Date "2011.09.24"]
[Round "2.3"]
[White "Piesik,P"]
[Black "Czarnecki,A"]
[Result "1-0"]
[WhiteElo "2206"]
[BlackElo "1870"]

1.Nf3 d5 2.g3 Nf6 3.Bg2 Bf5 4.O-O e6 5.d3 Bd6 6.Nbd2 O-O 7.Qe1 Bg6 8.e4 dxe4
9.dxe4 e5 10.Nh4 Bc5 11.Nxg6 hxg6 12.Qe2 Nc6 13.c3 Qd7 14.b4 Bb6 15.Nc4 Qe6
16.Be3 Rfd8 17.a4 Bxe3 18.Nxe3 a5 19.b5 Ne7 20.Qc4 Qb6 21.Rfd1 Ne8 22.Nd5 Qe6
23.Bh3 Qxh3 24.Nxe7+ Kf8 25.Qc5 Rxd1+ 26.Rxd1 Nf6 27.Nxg6+ Kg8 28.Ne7+ Kh8
29.f3 Qh5 30.Qe3 g6 31.Nd5 Rd8 32.Nxf6 Rxd1+ 33.Kg2 Re1 34.Qxe1 Qg5 35.Ng4 Kg7
36.Qe3 Qe7 37.Qh6+ Kg8 38.h4 Qe6 39.c4 c6 40.Kh3 cxb5 41.cxb5 Qd6 42.h5 b6
43.hxg6 fxg6 44.Qg5 Qd1 45.Qxg6+ Kh8 46.Qe8+ Kh7 47.Qh5+ Kg8 48.Nxe5 Qb3
49.f4 Qe6+ 50.Qg4+  1-0

[Event "TCh-HUN 2011-12"]
[Site "Mako HUN"]
[Date "2011.09.25"]
[Round "1"]
[White "Fodor,T jr"]
[Black "Csonka,B"]
[Result "1-0"]
[WhiteElo "2476"]
[BlackElo "2289"]

1.Nf3 d5 2.g3 c6 3.Bg2 Bg4 4.O-O Nd7 5.d3 Ngf6 6.c4 e6 7.cxd5 exd5 8.Nc3 Bd6
9.Qb3 O-O 10.e4 Nc5 11.Qc2 dxe4 12.dxe4 Ne6 13.Rd1 Qc7 14.Rxd6 Qxd6 15.e5 Qe7
16.exf6 Qxf6 17.Ne4 Qf5 18.Nh4 Nd4 19.Qc4 Qd7 20.Nc5 Qd8 21.Be3 b6 22.Bxd4 bxc5
23.Bxc5 Be6 24.Qc3 Re8 25.Bxc6  1-0

[Event "16th ECC w"]
[Site "Rogaska Slatina SLO"]
[Date "2011.09.25"]
[Round "1"]
[White "Foisor,C"]
[Black "Sop,S"]
[Result "1-0"]
[WhiteElo "2416"]
[BlackElo "1977"]

1.Nf3 d5 2.g3 Bg4 3.Ne5 Bf5 4.Bg2 Nd7 5.d4 c6 6.Nd3 Ngf6 7.O-O e6 8.Nd2 Bd6
9.Nf3 Bxd3 10.Qxd3 O-O 11.c4 dxc4 12.Qxc4 e5 13.Qc2 Qe7 14.dxe5 Nxe5 15.Nd4 Bc7
16.b3 Bb6 17.Bb2 Rfe8 18.Rad1 Rad8 19.e3 Nd5 20.a3 a5 21.h3 Qg5 22.Rfe1 Qh5
23.g4 Qg6 24.Qxg6 Nxg6 25.Nf5 f6 26.Bxd5+ cxd5 27.Kg2 Ne5 28.f4 Nc6 29.Kf3 Kf7
30.Re2 Re6 31.h4 g6 32.Nd4 Nxd4+ 33.Bxd4 Bxd4 34.Rxd4 Rc6 35.Red2 Ke6 36.R2d3 Rdd6
37.Kg3 f5 38.h5 gxh5 39.gxf5+ Kxf5 40.Rxd5+ Rxd5 41.Rxd5+ Kf6 42.Rxh5 Rc3
43.Kf3 Rxb3 44.Rxa5 b6 45.Rh5 Kg6 46.Rg5+ Kf6 47.a4 Rb4 48.Rb5 Rxa4 49.Rxb6+ Kg7
50.e4 h5 51.f5 h4 52.Kf4 h3 53.Rg6+ Kf7 54.Rh6 Ra3 55.e5 Rb3 56.Kg4 Rb4+
57.Kg5 Rb3 58.e6+ Ke7 59.Rh7+ Kd6 60.Kf6 Re3 61.Rd7+ Kc6 62.Rd2 Kc7 63.Kf7  1-0

[Event "16th ECC w"]
[Site "Rogaska Slatina SLO"]
[Date "2011.09.25"]
[Round "1"]
[White "Chelushkina,I"]
[Black "Pogonina,N"]
[Result "0-1"]
[WhiteElo "2287"]
[BlackElo "2446"]

1.Nf3 d5 2.g3 Nf6 3.Bg2 e6 4.O-O Be7 5.d3 O-O 6.Nc3 c5 7.e4 Nc6 8.Bf4 a6
9.Re1 d4 10.Ne2 b5 11.h3 Bb7 12.g4 Nd7 13.Ng3 Nb6 14.Bd2 c4 15.e5 cxd3 16.cxd3 Na4
17.Ne4 Nxb2 18.Qe2 Na4 19.g5 Kh8 20.h4 b4 21.Nf6 Nc3 22.Bxc3 dxc3 23.Ng4 Nd4
24.Nxd4 Bxg2 25.Nxe6 fxe6 26.Kxg2 Rf4 27.Kg3 Rd4 28.Red1 Qd5 29.f3 Rd8 30.Nf2 a5
31.f4 Bc5 32.Rf1 Rxf4 33.Kxf4 Qg2 34.d4 Bxd4  0-1

[Event "34th OFSz Mayor's Cup"]
[Site "Zabrze POL"]
[Date "2011.09.25"]
[Round "4.2"]
[White "Piesik,P"]
[Black "Galyga,J"]
[Result "1-0"]
[WhiteElo "2206"]
[BlackElo "1953"]

1.Nf3 d5 2.g3 Nf6 3.Bg2 e6 4.O-O Bd6 5.d3 O-O 6.Nbd2 e5 7.e4 c6 8.Qe2 Re8
9.Re1 a5 10.d4 exd4 11.Nxd4 Na6 12.Qf1 Qb6 13.c3 Bd7 14.exd5 cxd5 15.N2f3 Nc5
16.Re2 Nfe4 17.Ng5 h6 18.Nxe4 Nxe4 19.Be3 Qa6 20.f3 Nf6 21.Rae1 Qc4 22.a3 Kf8
23.Bf2 Rxe2 24.Qxe2 Re8 25.Qd2 Rxe1+ 26.Qxe1 Qa2 27.Qc1 b5 28.b4 axb4 29.axb4 Be5
30.Bf1 Qa4 31.Qe1 Bxd4 32.Bxd4 Ne8 33.Bc5+ Kg8 34.Qe7 Nf6 35.Qf8+ Kh7 36.Qxf7 Qd1
37.Bf8  1-0

[Event "Tatry Open"]
[Site "Tatranske Zruby SVK"]
[Date "2011.09.27"]
[Round "3.3"]
[White "Mrva,Mart"]
[Black "Kantorik,M"]
[Result "1-0"]
[WhiteElo "2470"]
[BlackElo "2320"]

1.Nf3 d5 2.g3 c5 3.Bg2 Nc6 4.O-O Nf6 5.d3 e6 6.Re1 Be7 7.Nbd2 O-O 8.e4 b6
9.e5 Nd7 10.Nf1 f6 11.exf6 Nxf6 12.c3 Bd6 13.Ng5 Re8 14.d4 Bd7 15.dxc5 bxc5
16.Ne3 Rc8 17.Nxd5 exd5 18.Bxd5+ Kf8 19.Be3 Re5 20.Bc4 Qc7 21.Nf7 Be7 22.Bf4 Rxe1+
23.Qxe1 Qb6 24.Ng5 Na5 25.Qe2 Nxc4 26.Qxc4 Be8 27.Re1 Rc6 28.Ne6+ Rxe6 29.Qxe6 Qd8
30.Qa6 Qd7 31.Bb8 Qd5 32.Qe6 Qd8 33.Bxa7 Bf7 34.Qb6 Qd2 35.Qb8+ Ne8 36.Qe5 Bd6
37.Bxc5 Bxc5 38.Qxc5+ Kg8 39.Qe3 Qxb2 40.a4 Qa3 41.Qd4 h6 42.Qb4 Qa2 43.a5 Qd2
44.Ra1 Nf6 45.a6 Bd5 46.a7 Kh7 47.Qf4 Qxf4 48.gxf4 Ba8 49.Rb1 Nd5 50.Rb8 Bc6
51.c4  1-0